A new dictionary of trade and commerce : compiled from the information of the most eminent merchants, and from the works of the best writers on commercial subjects, in all languages ... for the use of the merchants and tradesmen of Great Britain, as well as of private gentlemen /

Bibliographic Details
Main Author: Rolt, Richard, 1724 or 1725-1770
Other Authors: Bowen, Emanuel, 1693 or 1694-1767, Johnson, Samuel, 1709-1784
Format: eBook
Language:English
Edition:2nd ed. /
Series:Making of the modern world (Goldsmiths'-Kress Library of Economic Literature)
Subjects:
Online Access:Connect to the full text of this electronic book

MARC

Tag First Indicator Second Indicator Subfields
LEADER 00000cam a2200000Ia 4500
001 in00002320621
005 20190326204913.0
006 m | d |
007 cr |n||||||||n
008 911127s1761 enk s 000 0 eng d
040 |a TXA  |c GKS  |d OCL  |d OCLCQ  |d Thomson Gale  |d UtOrBLW 
100 1 |a Rolt, Richard,  |d 1724 or 1725-1770. 
245 1 2 |a A new dictionary of trade and commerce :  |b compiled from the information of the most eminent merchants, and from the works of the best writers on commercial subjects, in all languages ... for the use of the merchants and tradesmen of Great Britain, as well as of private gentlemen /  |c by Mr. Rolt, with the assistance of several eminent merchants. 
250 |a 2nd ed. /  |b with the addition of a new and accurate set of maps of the world, Europe, Asia, Africa, and North and South American, by Mr. Bowen. 
264 3 |a London :  |b Printed for G. Keith [and 3 others],  |c 1761. 
300 |a 908 unnumbered pages 
336 |a text  |b txt  |2 rdacontent 
337 |a computer  |b c  |2 rdamedia 
338 |a online resource  |b cr  |2 rdacarrier 
500 |a Dedication dated and signed: December 24, 1775, Richard Rolt. 
500 |a Preface by Samuel Johnson. 
500 |a First edition, 1756. 
500 |a Reproduction of original from Kress Library of Business and Economics, Harvard University. 
500 |a Goldsmiths'-Kress number 09678.8. 
510 4 |a OCLC,  |c 24863684 
533 |a Electronic reproduction.  |b Farmington Hills, Mich. :  |c Thomson Gale,  |d 2005.  |f (The making of the modern world).  |n Available via the World Wide Web.  |n Access limited to licensing agreements.  |7 s2005 miunns 
500 |a Electronic resource. 
650 0 |a Commerce  |v Dictionaries. 
655 0 |a Electronic books. 
700 1 |a Bowen, Emanuel,  |d 1693 or 1694-1767. 
700 1 |a Johnson, Samuel,  |d 1709-1784. 
830 0 |a Making of the modern world (Goldsmiths'-Kress Library of Economic Literature) 
856 4 0 |u http://proxy.library.tamu.edu/login?url=http://galenet.galegroup.com/servlet/MOME?af=RN&ae=U101152104&srchtp=a&ste=14&locID=txshracd2898  |z Connect to the full text of this electronic book  |t 0 
999 |a MARS 
999 f f |s cf15154a-6fb8-37f1-8e61-9a525d8ee124  |i d34b2feb-fd12-3aef-a4fe-169662e6ec61  |t 0 
952 f f |a Texas A&M University  |b College Station  |c Electronic Resources  |d Available Online  |t 0  |h No information provided 
998 f f |t 0  |l Available Online